00258nam a2200109Ia 4500008004000000041000800040082001100048100002000059245001300079260004300092650001300135210210b1954 xxu||||| |||| 00| 0 eng d aeng a827/11 aBURTON (Hester) aTennyson aLondonbOxford University Pressc1954 aTennyson